Szczegóły MARC21

Tips at your fingertips : teaching strategies for adult literacy tutors /

003 -Nazwa inst., której nr kontr. jest w polu 001 [,]
    • @
    • Nazwa instytucji, której n kontrolny jest w polu 001
    • NUKAT
005 -DATA I CZAS OSTATNIEJ MODYFIKACJI [,]
    • @
    • pole kontrolne
    • 20241231093540.0
020 -Międzynarod. znormalizowany nr książki - ISBN [ , ]
    • a
    • Numer ISBN
    • 0872071413 Find
    • q
    • Dopowiedzenie
    • pbk.
040 -Instytucja sporządzająca opis [ , ]
    • a
    • Instytucja, która sporządziła opis (NP)
    • SZCZ U/KP
    • b
    • Język katalogowania
    • pol
    • e
    • Zasady katalogowania
    • rda
    • c
    • Instytucja, która sporządziła rekord (NP)
    • SZCZ U/KPs
942 -Rodzaj dokumentu [ , ]
    • c
    • Rodzaj dokumentu
    • Książka
100 -Hasło główne - nazwa osobowa [1, ]
    • a
    • Nazwa osobowa (NP)
    • Brown, Ola M.
    • e
    • Rodzaj współpracy
    • Autor
    • 9
    • KHW
    • 690310
245 -Strefa tytułu i oznaczenia odpowiedzialności [1,0]
    • a
    • Tytuł
    • Tips at your fingertips : Find
    • b
    • Ciąg dalszy tytułu (NP)
    • teaching strategies for adult literacy tutors / Find
    • c
    • Pozostałe elementy strefy tytułu i oznaczenia odpowiedzialności (NP)
    • Ola M. Brown editor.
260 -Strefa adresu wydawniczego [ , ]
    • a
    • Miejsce wydania (P)
    • Newark :
    • b
    • Nazwa wydawcy (P)
    • International Reading Association,
    • c
    • Data wydania (P)
    • 1996.
300 -Strefa opisu fizycznego [ , ]
    • a
    • Określenie formy książki i/lub objętość (NP)
    • [4], 128 stron :
    • b
    • Oznaczenie ilustracji (NP)
    • ilustracje ;
    • c
    • Format (NP)
    • 22 cm.
336 -Typ zawartości [ , ]
    • a
    • Termin opisujący typ zawartości
    • Tekst
    • b
    • Kod określający zawartość
    • txt
    • 2
    • Źródło (terminu i kodu)
    • rdacontent
337 -Typ mediów [ , ]
    • a
    • Tryb odtwarzania
    • Bez urządzenia pośredniczącego
    • b
    • Kod typu mediów
    • n
    • 2
    • Źródło (terminu i kodu)
    • rdamedia
338 -Typ/rodzaj nośnika [ , ]
    • a
    • Hasło opisujące typ nośnika
    • Wolumin
    • b
    • Kod typu nośnika
    • nc
    • 2
    • Źródło (terminu i kodu)
    • rdacarrier
504 -Uwaga dot. bibliogr. załącznikowej [ , ]
    • a
    • Uwaga dot. bibliografii załącznikowej
    • Bibliografia na stronach 123-126. Indeks.
080 -Uniwersalna Klasyfikacja Dziesiętna [ , ]
    • a
    • Symbol klasyfikacji
    • 372.880.20=20
080 -Uniwersalna Klasyfikacja Dziesiętna [ , ]
    • a
    • Symbol klasyfikacji
    • :371.321=20
650 -Hasło przedmiotowe [ ,7]
    • a
    • Hasło przedmiotowe
    • Edukacja dorosłych.
    • 2
    • Źródło terminu
    • kaba
    • 9
    • KHW
    • 107217
650 -Hasło przedmiotowe [ ,7]
    • a
    • Hasło przedmiotowe
    • Język angielski
    • x
    • Określnik rzeczowy
    • studia i nauczanie.
    • 2
    • Źródło terminu
    • kaba
    • 9
    • KHW
    • 112992
650 -Hasło przedmiotowe [ ,7]
    • a
    • Hasło przedmiotowe
    • Czytanie (edukacja dorosłych).
    • 2
    • Źródło terminu
    • kaba
    • 9
    • KHW
    • 105639
980 -Symbol UKD [ , ]
    • a
    • UKD
    • 372.880.20:371.321]=20
710 -Hasło dodatkowe - nazwa ciała zbiorowego [2, ]
    • a
    • Nazwa ciała zbiorowego lub nazwa geograficzna jako pierwszy element (NP)
    • International Reading Association.
    • e
    • Rodzaj współpracy
    • Wydawca
    • 4
    • Kod relacji
    • pbl
    • 9
    • KHW
    • 690309
920 -ISBN [ , ]
    • a
    • ISBN
    • 0-87207-141-3 Find
    • q
    • Dopowiedzenie
    • pbk.
Status udost. Data inwentaryzacji Sygnatura Lokalizacja Numer inwentarzowy
12000-02-28ANG. Metodyka - czytanie 15BMA.5527